[Event "TUR-chT"]
[Site "Ankara"]
[Date "2022.08.23"]
[Round "8.3"]
[White "Soylu, Suat"]
[Black "Can, Emre"]
[Result "0-1"]
[WhiteElo "2308"]
[BlackElo "2593"]
[PlyCount "86"]
[EventDate "2022.08.16"]
[EventType "team-tourn"]
[EventRounds "13"]
[EventCountry "TUR"]
[SourceTitle "CBM 209 Extra"]
[Source "ChessBase"]
[SourceDate "2022.09.30"]
[SourceVersion "1"]
[SourceVersionDate "2022.09.30"]
[SourceQuality "1"]
[WhiteTeam "Burhaniye"]
[BlackTeam "Gokturk"]
[WhiteTeamCountry "TUN"]
[BlackTeamCountry "TUR"]

1. e4 c5 2. Nf3 d6 3. Bb5+ Nd7 4. 0-0 a6 5. Bd3 Ngf6 6. Re1 e6 7. c3 b5 8. Bc2 c4 9. a4 Bb7 10. d4 cxd3 11. Qxd3 Nc5 12. Qe2 bxa4 13. e5 dxe5 14. Nxe5 Qd5 15. f3 Bd6 16. Nd2 Qxe5 17. Qxe5 Bxe5 18. Rxe5 Nfd7 19. Rh5 Bd5 20. Rh4 g5 21. Rg4 f6 22. Bxa4 Ke7 23. b3 Rhc8 24. Bxd7 Nxd7 25. c4 Bc6 26. Rd4 Ne5 27. Ba3+ Kf7 28. Ne4 Bxe4 29. Rxe4 Nc6 30. Bd6 e5 31. c5 Nd4 32. b4 Ke6 33. Rae1 Nf5 34. Bxe5 fxe5 35. Rxe5+ Kf6 36. Re6+ Kg7 37. R1e5 Rf8 38. Rb6 a5 39. bxa5 Rxa5 40. g4 Nh4 41. Rxg5+ Kh8 42. Rh5 Ra1+ 43. Kf2 Rxf3+ 0-1

[Event "TUR Cup"]
[Site "Antalya"]
[Date "2020.02.01"]
[Round "10"]
[White "Soylu, Suat"]
[Black "Sahin, Handenur"]
[Result "1-0"]
[WhiteElo "2329"]
[BlackElo "2024"]
[PlyCount "139"]
[EventDate "2020.01.26"]
[EventType "swiss"]
[EventRounds "11"]
[EventCountry "TUR"]
[SourceTitle "CBM 194 Extra"]
[Source "ChessBase"]
[SourceDate "2020.03.31"]
[SourceVersion "1"]
[SourceVersionDate "2020.03.31"]
[SourceQuality "1"]

1. e4 e5 2. Nf3 Nc6 3. Bb5 Nge7 4. c3 d5 5. d3 dxe4 6. dxe4 Qxd1+ 7. Kxd1 Bg4 8. Nbd2 0-0-0 9. Kc2 f6 10. a4 Be6 11. a5 a6 12. Bc4 Bg8 13. b4 Na7 14. Bxg8 Rxg8 15. h4 Nec6 16. Nc4 Nb5 17. Bd2 Be7 18. h5 Rd7 19. Nh4 Rgd8 20. Be1 Bf8 21. Nf5 Kb8 22. Rh3 Ne7 23. Nxe7 Bxe7 24. Ne3 Rd3 25. Rh1 c6 26. Nd5 R3xd5 27. exd5 cxd5 28. Rd1 d4 29. c4 Nd6 30. Kb3 Rc8 31. c5 Nb5 32. Kc4 f5 33. Kd5 Bf6 34. Ke6 f4 35. h6 Nc7+ 36. Kf7 Ne8 37. hxg7 Bxg7 38. Rxh7 Bf6 39. Kg6 Rc6 40. Kf5 Ng7+ 41. Ke4 Ne6 42. Rh6 Bg7 43. Rh5 Kc7 44. Bd2 Nf8 45. Rxe5 Bxe5 46. Kxe5 Ng6+ 47. Kd5 Rf6 48. Rh1 Kd7 49. Rh7+ Ne7+ 50. Kxd4 Ke6 51. Ke4 Rg6 52. Kf3 Rf6 53. Bxf4 Nd5 54. g3 Nxb4 55. Rxb7 Nc6 56. Ke4 Rf5 57. Be3 Re5+ 58. Kf4 Rf5+ 59. Kg4 Rf8 60. Rb6 Kd5 61. Rxa6 Ne5+ 62. Kh3 Ke4 63. Kg2 Nf3 64. Re6+ Kd3 65. Bf4 Nd4 66. Rd6 Ke4 67. c6 Rh8 68. c7 Nf3 69. Re6+ Kf5 70. Rh6 1-0

[Event "TUR Cup"]
[Site "Antalya"]
[Date "2020.01.30"]
[Round "8"]
[White "Soylu, Suat"]
[Black "Aysoy, Veysi"]
[Result "1/2-1/2"]
[WhiteElo "2329"]
[BlackElo "1869"]
[PlyCount "75"]
[EventDate "2020.01.26"]
[EventType "swiss"]
[EventRounds "11"]
[EventCountry "TUR"]
[SourceTitle "CBM 194 Extra"]
[Source "ChessBase"]
[SourceDate "2020.03.31"]
[SourceVersion "1"]
[SourceVersionDate "2020.03.31"]
[SourceQuality "1"]

1. Nf3 f5 2. g3 Nf6 3. Bg2 g6 4. 0-0 Bg7 5. c4 d6 6. d4 0-0 7. Nc3 Nc6 8. d5 Ne5 9. Nxe5 dxe5 10. c5 e4 11. Qb3 b6 12. Bf4 Rf7 13. Nb5 Nxd5 14. Rad1 c6 15. Nc7 e5 16. Nxa8 exf4 17. cxb6 axb6 18. gxf4 Ra7 19. Nxb6 Rb7 20. Rxd5 cxd5 21. Qxd5+ Qxd5 22. Nxd5 Be6 23. Rd1 Rxb2 24. Bf1 Rxa2 25. Nc7 Bf7 26. e3 Bf6 27. Re1 Rc2 28. Nb5 Bh4 29. Be2 Kg7 30. Nd4 Rb2 31. Kf1 Bf6 32. Rd1 Ra2 33. h3 h6 34. Nc6 Ra1 35. Rxa1 Bxa1 36. Na5 Bc3 37. Nc4 Bxc4 38. Bxc4 1/2-1/2

[Event "TUR-ch"]
[Site "Kemer"]
[Date "2018.11.05"]
[Round "10"]
[White "Soylu, Suat"]
[Black "Koksal, Ege"]
[Result "1/2-1/2"]
[WhiteElo "2327"]
[BlackElo "2351"]
[PlyCount "78"]
[EventDate "2018.10.27"]
[EventType "tourn"]
[EventRounds "11"]
[EventCountry "TUR"]
[EventCategory "4"]
[SourceTitle "CBM 187 Extra"]
[Source "ChessBase"]
[SourceDate "2018.11.04"]
[SourceVersion "1"]
[SourceVersionDate "2018.11.04"]
[SourceQuality "1"]

1. e4 e5 2. Nf3 Nc6 3. Bb5 a6 4. Bxc6 dxc6 5. Nc3 Bg4 6. h3 Bxf3 7. Qxf3 Qf6 8. Qg3 Bd6 9. d3 Ne7 10. Bg5 Qg6 11. Bxe7 Kxe7 12. Qxg6 hxg6 13. Ke2 Rh4 14. Nb1 a5 15. a4 f6 16. Nd2 Rhh8 17. Nb3 g5 18. Rhd1 g6 19. c3 b6 20. d4 Rh4 21. f3 f5 22. dxe5 Bxe5 23. Nd4 Bxd4 24. Rxd4 c5 25. Rd3 fxe4 26. Re3 Kf6 27. Rxe4 Rxe4+ 28. fxe4 Ke5 29. Ke3 Rd8 30. Rf1 c4 31. Rf7 Rd3+ 32. Ke2 c5 33. Rb7 g4 34. hxg4 Rd6 35. Ke3 Rd3+ 36. Ke2 Rd6 37. Ke3 Rd3+ 38. Ke2 Rd6 39. Ke3 Rd3+ 1/2-1/2

[Event "TUR-ch"]
[Site "Kemer"]
[Date "2018.11.01"]
[Round "6"]
[White "Zor, Alber Kadir"]
[Black "Soylu, Suat"]
[Result "1/2-1/2"]
[WhiteElo "2167"]
[BlackElo "2327"]
[PlyCount "60"]
[EventDate "2018.10.27"]
[EventType "tourn"]
[EventRounds "11"]
[EventCountry "TUR"]
[EventCategory "4"]
[SourceTitle "CBM 187 Extra"]
[Source "ChessBase"]
[SourceDate "2018.11.04"]
[SourceVersion "1"]
[SourceVersionDate "2018.11.04"]
[SourceQuality "1"]

1. Nf3 Nf6 2. c4 c6 3. g3 d5 4. Bg2 g6 5. b3 Bg7 6. Bb2 0-0 7. 0-0 a5 8. Nc3 Ne4 9. Na4 b5 10. Bxg7 Kxg7 11. cxb5 cxb5 12. Nc3 Nxc3 13. dxc3 e6 14. c4 dxc4 15. Nd4 Ra6 16. Nxb5 Qxd1 17. Rfxd1 cxb3 18. axb3 Bd7 19. Nd6 Kf6 20. Ne4+ Ke7 21. Nc5 Ra7 22. Nxd7 Nxd7 23. Ra3 Rb8 24. Rda1 Rb5 25. Bc6 Rb6 26. Bxd7 Kxd7 27. Rxa5 Rxa5 28. Rxa5 Rxb3 29. Kg2 Ke7 30. e3 h5 1/2-1/2

[Event "TUR-ch"]
[Site "Kemer"]
[Date "2018.10.31"]
[Round "5"]
[White "Soylu, Suat"]
[Black "Gunduz, Umut Erdem"]
[Result "1-0"]
[WhiteElo "2327"]
[BlackElo "2205"]
[PlyCount "101"]
[EventDate "2018.10.27"]
[EventType "tourn"]
[EventRounds "11"]
[EventCountry "TUR"]
[EventCategory "4"]
[SourceTitle "CBM 187 Extra"]
[Source "ChessBase"]
[SourceDate "2018.11.04"]
[SourceVersion "1"]
[SourceVersionDate "2018.11.04"]
[SourceQuality "1"]

1. e4 e5 2. Nf3 Nc6 3. Bb5 Nf6 4. d3 Bc5 5. c3 Qe7 6. 0-0 0-0 7. d4 Bb6 8. Bg5 d6 9. a4 a5 10. Re1 Bg4 11. Bxc6 bxc6 12. dxe5 dxe5 13. Nbd2 Rfd8 14. Qc2 h6 15. Be3 Nd7 16. h3 Bh5 17. g4 Bg6 18. Nc4 Qe6 19. Nxb6 cxb6 20. Nh4 Qc4 21. Nf5 Bxf5 22. exf5 c5 23. Rad1 Nf6 24. b3 Qe4 25. Qxe4 Nxe4 26. c4 Nc3 27. Rd2 f6 28. f4 Rxd2 29. Bxd2 Na2 30. fxe5 fxe5 31. Ra1 Nb4 32. Bxb4 axb4 33. Rd1 Kf7 34. Rd6 Ke7 35. Rxb6 Rd8 36. Re6+ Kf7 37. Rxe5 Rd3 38. Kg2 Rxb3 39. Rxc5 Rc3 40. a5 Ke7 41. a6 Ra3 42. Rb5 Rxa6 43. Rxb4 Ra3 44. Rb6 Rc3 45. Rc6 Kf7 46. h4 Ke7 47. g5 h5 48. Rc7+ Kf8 49. c5 Rc4 50. c6 Rxh4 51. Rd7 1-0

[Event "TUR-chT"]
[Site "Ankara"]
[Date "2018.07.26"]
[Round "2.2"]
[White "Soylu, Suat"]
[Black "Benidze, Davit"]
[Result "0-1"]
[WhiteElo "2339"]
[BlackElo "2487"]
[PlyCount "126"]
[EventDate "2018.07.25"]
[EventType "team-tourn"]
[EventRounds "13"]
[EventCountry "TUR"]
[SourceTitle "CBM 185 Extra"]
[Source "ChessBase"]
[SourceDate "2018.07.29"]
[SourceVersion "1"]
[SourceVersionDate "2018.07.29"]
[SourceQuality "1"]
[WhiteTeam "Gokceada Spor"]
[BlackTeam "Kahramanmaras Buyuksehir"]
[WhiteTeamCountry "TUR"]
[BlackTeamCountry "TUR"]

1. e4 c6 2. d4 g6 3. Nc3 Bg7 4. Nf3 d5 5. h3 Nh6 6. Bd3 f6 7. 0-0 Nf7 8. Ne2 0-0 9. c4 dxe4 10. Bxe4 Na6 11. Bc2 Nc7 12. b3 b5 13. Bd3 Nd6 14. Bf4 Be6 15. Rc1 Bf7 16. Qd2 Re8 17. Rfd1 bxc4 18. bxc4 Qc8 19. Ng3 Rd8 20. Qa5 Ne6 21. Be3 Qc7 22. Qa4 Nf8 23. Nd2 Nc8 24. Nb3 Nb6 25. Qa5 Rac8 26. Ne4 Nfd7 27. Be2 Qb8 28. Nec5 Nxc5 29. Nxc5 f5 30. Na6 Qa8 31. g3 Bf6 32. Bf1 h5 33. f4 Rd7 34. Nc5 Rd6 35. Bf2 Rcd8 36. Nb3 R6d7 37. Qc5 h4 38. g4 Qb8 39. g5 Bg7 40. Be3 e5 41. fxe5 Bxe5 42. Qxc6 Bh2+ 43. Kh1 Nd5 44. Bf2 Bf4 45. Nc5 Rc7 46. Qa4 Bxc1 47. Rxc1 Nf4 48. Qb3 Qc8 49. Rd1 Re7 50. Qf3 Nd5 51. Kg1 Nb6 52. d5 Qc7 53. Na6 Qd7 54. Nc5 Qd6 55. Nb3 Qc7 56. d6 Rxd6 57. Rxd6 Qxd6 58. c5 Qd5 59. Qc3 Nc4 60. Bd4 f4 61. Bf6 Re3 62. Qd4 Rg3+ 63. Kh2 Ne3 0-1

[Event "Wch Seniors 50 25th"]
[Site "Acqui Terme"]
[Date "2015.11.21"]
[Round "11"]
[White "Soylu, Suat"]
[Black "Cummings, David H"]
[Result "1-0"]
[WhiteElo "2377"]
[BlackElo "2307"]
[PlyCount "68"]
[EventDate "2015.11.10"]
[EventType "swiss"]
[EventRounds "11"]
[EventCountry "ITA"]
[SourceTitle "CBM 169 Extra"]
[Source "ChessBase"]
[SourceDate "2015.12.18"]
[SourceVersion "1"]
[SourceVersionDate "2015.12.18"]
[SourceQuality "1"]

1. e4 e5 2. Nf3 Nc6 3. Bb5 Nf6 4. d4 exd4 5. 0-0 a6 6. Ba4 Be7 7. e5 Ne4 8. Nxd4 0-0 9. Nf5 Nc5 10. Qg4 g6 11. Bxc6 dxc6 12. Nxe7+ Qxe7 13. Qg3 Re8 14. Re1 Bf5 15. Nc3 Ne6 16. Nd1 Bxc2 17. Ne3 Nd4 18. Ng4 Kh8 19. Qc3 c5 20. Nf6 Bf5 21. Bg5 Ne6 22. Qg3 Nxg5 23. Qxg5 Rg8 24. g4 Rg7 25. Qh6 Qe6 26. gxf5 gxf5+ 27. Kf1 Rd8 28. Qf4 Rd4 29. Qf3 f4 30. b3 Rg5 31. Rad1 Rxd1 32. Rxd1 Qxe5 33. Ne4 Rh5 34. Qg4 Qe6 1-0

[Event "Wch Seniors 50 25th"]
[Site "Acqui Terme"]
[Date "2015.11.20"]
[Round "10"]
[White "Vepkhvishvili, Varlam"]
[Black "Soylu, Suat"]
[Result "0-1"]
[WhiteElo "2106"]
[BlackElo "2377"]
[PlyCount "92"]
[EventDate "2015.11.10"]
[EventType "swiss"]
[EventRounds "11"]
[EventCountry "ITA"]
[SourceTitle "CBM 169 Extra"]
[Source "ChessBase"]
[SourceDate "2015.12.18"]
[SourceVersion "1"]
[SourceVersionDate "2015.12.18"]
[SourceQuality "1"]

1. d4 Nf6 2. c3 e6 3. Bf4 c5 4. e3 Nc6 5. Nf3 Nh5 6. Bg5 Qb6 7. Qb3 h6 8. Bh4 g5 9. Bg3 Nxg3 10. hxg3 Bg7 11. Qxb6 axb6 12. Na3 d5 13. Be2 Ke7 14. 0-0 Bd7 15. Rfd1 f5 16. Nc2 Bf6 17. Bb5 h5 18. Bxc6 Bxc6 19. Nce1 Bb5 20. Nd3 Kd6 21. Nfe5 Rh7 22. f4 Rg8 23. a4 Bxd3 24. Rxd3 h4 25. gxh4 gxh4 26. Kh2 Rg3 27. a5 c4 28. Rd2 bxa5 29. Rxa5 Rxe3 30. Rb5 Bxe5 31. fxe5+ Kc6 32. Rc5+ Kd7 33. b3 Rxc3 34. bxc4 Rxc4 35. Rb5 Kc8 36. Ra2 Kb8 37. Ra6 Re7 38. Rbb6 Rxd4 39. Rxe6 Rxe6 40. Rxe6 Re4 41. Kh3 Kc7 42. Re7+ Kc6 43. Re8 b5 44. e6 b4 45. Rf8 Kd6 46. Rxf5 Kxe6 0-1

[Event "Wch Seniors 50 25th"]
[Site "Acqui Terme"]
[Date "2015.11.11"]
[Round "2"]
[White "Soylu, Suat"]
[Black "Blodig, Reinhard"]
[Result "0-1"]
[WhiteElo "2377"]
[BlackElo "2147"]
[PlyCount "88"]
[EventDate "2015.11.10"]
[EventType "swiss"]
[EventRounds "11"]
[EventCountry "ITA"]
[SourceTitle "CBM 169 Extra"]
[Source "ChessBase"]
[SourceDate "2015.12.18"]
[SourceVersion "1"]
[SourceVersionDate "2015.12.18"]
[SourceQuality "1"]

1. e4 d6 2. d4 g6 3. Nc3 Bg7 4. Be3 c6 5. Qd2 b5 6. Bd3 Nf6 7. Nf3 0-0 8. Bh6 Nbd7 9. Bxg7 Kxg7 10. e5 dxe5 11. dxe5 Ng8 12. 0-0-0 Nc5 13. Qf4 Qc7 14. h4 h5 15. Be2 Nh6 16. Nd4 a5 17. Bf3 b4 18. Ncb5 cxb5 19. Bxa8 Ne6 20. Qd2 Nxd4 21. Qxd4 Be6 22. Bd5 Rd8 23. Qe4 Bf5 24. Qe2 Ng4 25. Rhe1 Qc5 26. Bf3 Rc8 27. Rd2 a4 28. Bxg4 hxg4 29. e6 f6 30. Qe3 Qc6 31. Ree2 Qxg2 32. f4 Qh1+ 33. Re1 Qxh4 34. Qg1 g3 35. Qd4 b3 36. axb3 axb3 37. c3 Ra8 38. Rg2 Bh3 39. Rgg1 g2 40. Qe3 Ra6 41. Qd4 g5 42. f5 Qf4+ 43. Qxf4 gxf4 44. Kd2 Rd6+ 0-1

[Event "TUR-chT"]
[Site "Kocaeli"]
[Date "2014.08.23"]
[Round "7.5"]
[White "Soylu, Suat"]
[Black "Esen, Baris"]
[Result "1/2-1/2"]
[WhiteElo "2394"]
[BlackElo "2589"]
[PlyCount "80"]
[EventDate "2014.08.18"]
[EventType "team-tourn"]
[EventRounds "13"]
[EventCountry "TUR"]
[SourceTitle "CBM 162 Extra"]
[Source "ChessBase"]
[SourceDate "2014.10.17"]
[SourceVersion "1"]
[SourceVersionDate "2014.10.17"]
[SourceQuality "1"]
[WhiteTeam "Tarsus Zeka"]
[BlackTeam "Denizsu Aquamatch"]
[WhiteTeamCountry "TUR"]
[BlackTeamCountry "TUR"]

1. e4 c5 2. Nf3 d6 3. d4 cxd4 4. Qxd4 e5 5. Qd1 Nf6 6. Nc3 h6 7. Bc4 Be7 8. 0-0 0-0 9. Qe2 Nc6 10. Nd5 Be6 11. Rd1 Rc8 12. c3 Re8 13. h3 Bf8 14. Nxf6+ Qxf6 15. Bd5 b6 16. Be3 Ne7 17. c4 Nxd5 18. cxd5 Bd7 19. Nd2 Rc7 20. Rdc1 Rec8 21. Rxc7 Rxc7 22. a4 Qd8 23. Nb1 Qc8 24. Nc3 Be7 25. a5 bxa5 26. Rxa5 Qb8 27. Ra2 Bg5 28. Bxg5 hxg5 29. Qa6 Rb7 30. Kh2 Kf8 31. Qe2 f6 32. Qh5 Kg8 33. Qe2 g6 34. Kg1 Kf7 35. Qe3 Kg7 36. Ra6 Rb6 37. Rxb6 axb6 38. Na2 Qc7 39. Qc3 Qc5 40. Qe3 Qc7 1/2-1/2

[Event "TUR-chT"]
[Site "Kocaeli"]
[Date "2014.08.19"]
[Round "2.1"]
[White "Soylu, Suat"]
[Black "Baklan, Vladimir"]
[Result "0-1"]
[WhiteElo "2394"]
[BlackElo "2655"]
[PlyCount "80"]
[EventDate "2014.08.18"]
[EventType "team-tourn"]
[EventRounds "13"]
[EventCountry "TUR"]
[SourceTitle "CBM 162 Extra"]
[Source "ChessBase"]
[SourceDate "2014.10.17"]
[SourceVersion "1"]
[SourceVersionDate "2014.10.17"]
[SourceQuality "1"]
[WhiteTeam "Tarsus Zeka"]
[BlackTeam "Ankara Demirspor"]
[WhiteTeamCountry "TUR"]
[BlackTeamCountry "TUR"]

1. e4 c5 2. Nf3 d6 3. d4 cxd4 4. Qxd4 Nf6 5. Bb5+ Bd7 6. c4 a6 7. Bxd7+ Nfxd7 8. 0-0 Nc6 9. Qd3 g6 10. Bd2 Bg7 11. Nc3 0-0 12. Rac1 Qb8 13. b3 Rc8 14. Bg5 h6 15. Bh4 Nc5 16. Qe3 e6 17. Rfd1 b5 18. Bg3 e5 19. Nd5 b4 20. Bh4 Ra7 21. Bf6 Re8 22. Ne1 a5 23. f3 Re6 24. Bh4 a4 25. Nc2 axb3 26. axb3 Ra2 27. Be1 Nd4 28. Ndxb4 Rb2 29. Rxd4 exd4 30. Nxd4 Re8 31. Bc3 Nxb3 32. Ndc6 Bxc3 33. Rxc3 Qa8 34. h4 Qa1+ 35. Kh2 Nd2 36. Qf4 Nf1+ 37. Kh3 Rxb4 38. Nxb4 Qxc3 39. Nd5 Qd2 40. Qxd6 Re6 0-1

[Event "EU-chT Seniors"]
[Site "Sibenik"]
[Date "2014.04.05"]
[Round "5.6"]
[White "Soylu, Suat"]
[Black "Westerinen, Heikki MJ"]
[Result "1/2-1/2"]
[WhiteElo "2407"]
[BlackElo "2293"]
[PlyCount "81"]
[EventDate "2014.04.01"]
[EventType "team-swiss"]
[EventRounds "9"]
[EventCountry "CRO"]
[SourceTitle "CBM 159 Extra"]
[Source "ChessBase"]
[SourceDate "2014.04.24"]
[SourceVersion "1"]
[SourceVersionDate "2014.04.24"]
[SourceQuality "1"]
[WhiteTeam "Turkey Seniors"]
[BlackTeam "Finland Seniors"]
[WhiteTeamCountry "TUR"]
[BlackTeamCountry "FIN"]

1. e4 e6 2. d3 c5 3. Nf3 Nc6 4. g3 g6 5. Bg2 Bg7 6. 0-0 Nge7 7. c3 0-0 8. Re1 b6 9. d4 cxd4 10. Nxd4 Nxd4 11. cxd4 Bb7 12. Nc3 d6 13. Be3 Qd7 14. Qd2 Rfc8 15. Rac1 Rc7 16. f3 Rac8 17. Bh3 d5 18. e5 b5 19. Ne2 Rxc1 20. Rxc1 Rxc1+ 21. Nxc1 Qc7 22. Nb3 Nc8 23. Bf1 Nb6 24. Qa5 a6 25. Nc5 Bf8 26. Nxa6 Bxa6 27. Qxa6 b4 28. b3 h5 29. Qb5 Nd7 30. Bd2 Qb6 31. Qxb6 Nxb6 32. Bg5 Nc8 33. Bd3 Be7 34. h4 Bxg5 35. hxg5 Na7 36. Kf2 Kf8 37. Ke3 Ke7 38. f4 Kd7 39. Be2 Kc6 40. Kd2 Nc8 41. Bd3 1/2-1/2

[Event "EU-chT Seniors"]
[Site "Sibenik"]
[Date "2014.04.02"]
[Round "2.1"]
[White "Dvoirys, Semen I"]
[Black "Soylu, Suat"]
[Result "1/2-1/2"]
[WhiteElo "2560"]
[BlackElo "2407"]
[PlyCount "38"]
[EventDate "2014.04.01"]
[EventType "team-swiss"]
[EventRounds "9"]
[EventCountry "CRO"]
[SourceTitle "CBM 159 Extra"]
[Source "ChessBase"]
[SourceDate "2014.04.24"]
[SourceVersion "1"]
[SourceVersionDate "2014.04.24"]
[SourceQuality "1"]
[WhiteTeam "Russia Seniors"]
[BlackTeam "Turkey Seniors"]
[WhiteTeamCountry "RUS"]
[BlackTeamCountry "TUR"]

1. e4 e5 2. Nf3 Nc6 3. Bb5 a6 4. Ba4 f5 5. d4 fxe4 6. Nxe5 Nf6 7. Bg5 Qe7 8. Nxc6 dxc6 9. c3 Bf5 10. Nd2 0-0-0 11. Qe2 Qf7 12. Bc2 Qg6 13. h4 c5 14. dxc5 Bxc5 15. 0-0-0 Rde8 16. Rde1 Rhf8 17. Nc4 Ng4 18. Ne3 Bxe3+ 19. Bxe3 Ne5 1/2-1/2

[Event "EU-ch Seniors 50 14th"]
[Site "Porto"]
[Date "2014.03.14"]
[Round "6"]
[White "McKerracher, Douglas"]
[Black "Soylu, Suat"]
[Result "0-1"]
[WhiteElo "1988"]
[BlackElo "2411"]
[PlyCount "47"]
[EventDate "2014.03.09"]
[EventType "swiss"]
[EventRounds "9"]
[EventCountry "POR"]
[SourceTitle "CBM 159 Extra"]
[Source "ChessBase"]
[SourceDate "2014.04.24"]
[SourceVersion "1"]
[SourceVersionDate "2014.04.24"]
[SourceQuality "1"]

1. e4 c5 2. Nc3 Nc6 3. g3 g6 4. Bg2 Bg7 5. d3 d6 6. f4 e6 7. Nf3 Nge7 8. 0-0 0-0 9. Be3 b6 10. d4 Ba6 11. Re1 Rc8 12. a4 Na5 13. Bf2 Nec6 14. d5 exd5 15. exd5 Nb4 16. Rb1 Nc4 17. Nb5 Bxb5 18. axb5 Nxb2 19. Rxb2 Bxb2 20. Qd2 Qf6 21. Re3 Rfe8 22. Rb3 c4 23. Rxb2 c3 24. Qd1 0-1

[Event "EU-ch Seniors 50 14th"]
[Site "Porto"]
[Date "2014.03.11"]
[Round "3"]
[White "Sturua, Zurab"]
[Black "Soylu, Suat"]
[Result "1-0"]
[WhiteElo "2524"]
[BlackElo "2411"]
[PlyCount "111"]
[EventDate "2014.03.09"]
[EventType "swiss"]
[EventRounds "9"]
[EventCountry "POR"]
[SourceTitle "CBM 159 Extra"]
[Source "ChessBase"]
[SourceDate "2014.04.24"]
[SourceVersion "1"]
[SourceVersionDate "2014.04.24"]
[SourceQuality "1"]

1. d4 Nf6 2. Nf3 g6 3. c4 c5 4. Nc3 cxd4 5. Nxd4 Nc6 6. Nc2 Bg7 7. e4 d6 8. Be2 0-0 9. 0-0 Nd7 10. Bd2 Nc5 11. f3 Bxc3 12. bxc3 b6 13. Qe1 e6 14. Bh6 Re8 15. Rd1 Qe7 16. Qg3 Ne5 17. h4 Ba6 18. Rd4 Rac8 19. Nb4 Bb7 20. Rfd1 Red8 21. h5 a5 22. Nc2 Na4 23. f4 Nc6 24. R4d2 Ba6 25. Bg5 f6 26. Bh6 Qf7 27. Rxd6 Rxd6 28. Rxd6 Nc5 29. Qe3 Qe7 30. Rd1 Rd8 31. Nd4 Bb7 32. Rb1 Qc7 33. Nb3 Ne7 34. Nxc5 bxc5 35. Rb5 Kf7 36. hxg6+ hxg6 37. f5 exf5 38. Rxc5 Qb6 39. Rb5 Qxe3+ 40. Bxe3 Bxe4 41. Rxa5 Rb8 42. Ra7 Rb1+ 43. Kf2 Ke6 44. Ra6+ Nc6 45. Bf3 Rb2+ 46. Kg3 Kd7 47. Bd4 Nxd4 48. cxd4 Ke7 49. Bxe4 fxe4 50. d5 f5 51. Rxg6 Rxa2 52. Kf4 Rc2 53. Kxf5 e3 54. Re6+ Kd7 55. Rxe3 Rxg2 56. Ke5 1-0

[Event "TUR-chT"]
[Site "Denizli"]
[Date "2013.07.07"]
[Round "10.4"]
[White "Metin, Mehmet"]
[Black "Soylu, Suat"]
[Result "0-1"]
[WhiteElo "2214"]
[BlackElo "2408"]
[PlyCount "68"]
[EventDate "2013.06.29"]
[EventType "team-tourn"]
[EventRounds "13"]
[EventCountry "TUR"]
[SourceTitle "CBM 155 Extra"]
[Source "ChessBase"]
[SourceDate "2013.08.26"]
[SourceVersion "1"]
[SourceVersionDate "2013.08.26"]
[SourceQuality "1"]
[WhiteTeam "Er Bakir"]
[BlackTeam "Tarsus Zeka"]
[WhiteTeamCountry "TUR"]
[BlackTeamCountry "TUR"]

1. c4 g6 2. Nc3 Bg7 3. Nf3 c5 4. g3 Nc6 5. Bg2 e5 6. 0-0 Nge7 7. a3 0-0 8. Rb1 a5 9. d3 d6 10. Ne1 Be6 11. Nc2 d5 12. cxd5 Nxd5 13. Ne4 b6 14. Ne3 Nd4 15. Nc3 Nxe3 16. fxe3 Bb3 17. Qd2 Bh6 18. Bxa8 Nc2 19. Nd5 Qxa8 20. Nf6+ Kh8 21. Qc3 a4 22. Qxe5 Ba2 23. Bd2 Bxb1 24. Rxb1 Bg7 25. Bc3 Qc6 26. Rf1 b5 27. Qe7 b4 28. Nd7 bxc3 29. Nxf8 Nxe3 30. Nxg6+ hxg6 31. Qd8+ Kh7 32. Qh4+ Kg8 33. Qd8+ Bf8 34. Kf2 Nxf1 0-1

[Event "TUR-chT"]
[Site "Denizli"]
[Date "2013.07.04"]
[Round "6.3"]
[White "Soylu, Suat"]
[Black "Azaladze, Shota"]
[Result "1/2-1/2"]
[WhiteElo "2408"]
[BlackElo "2481"]
[PlyCount "76"]
[EventDate "2013.06.29"]
[EventType "team-tourn"]
[EventRounds "13"]
[EventCountry "TUR"]
[SourceTitle "CBM 155 Extra"]
[Source "ChessBase"]
[SourceDate "2013.08.26"]
[SourceVersion "1"]
[SourceVersionDate "2013.08.26"]
[SourceQuality "1"]
[WhiteTeam "Tarsus Zeka"]
[BlackTeam "Kahramanmaras Belediye"]
[WhiteTeamCountry "TUR"]
[BlackTeamCountry "TUR"]

1. e4 g6 2. d4 Bg7 3. Nc3 c6 4. Nf3 d6 5. Be3 Qb6 6. Rb1 Nf6 7. h3 Qa5 8. Bd3 0-0 9. 0-0 Nbd7 10. Qd2 Qc7 11. Ne2 e5 12. Ng3 Re8 13. Bh6 Nf8 14. dxe5 dxe5 15. Bxg7 Kxg7 16. Bc4 b5 17. Bb3 c5 18. c3 c4 19. Bc2 Ne6 20. Rbd1 Bb7 21. Rfe1 Nf4 22. Qe3 Rad8 23. Rxd8 Rxd8 24. Rd1 Rxd1+ 25. Bxd1 Bc8 26. Bc2 a6 27. Ne2 Ne6 28. Ng3 Nf4 29. Ne2 N6h5 30. Nxf4 Nxf4 31. h4 f6 32. g3 Ne6 33. Ne1 Nc5 34. f3 Be6 35. Kf2 a5 36. a3 h6 37. Ng2 Qb6 38. Ke2 Bh3 1/2-1/2

[Event "TUR-chT"]
[Site "Konya"]
[Date "2011.07.02"]
[Round "6"]
[White "Sirin, Atakan"]
[Black "Soylu, Suat"]
[Result "1-0"]
[WhiteElo "2230"]
[BlackElo "2416"]
[PlyCount "111"]
[EventDate "2011.06.28"]
[EventType "team-swiss"]
[EventRounds "13"]
[EventCountry "TUR"]
[SourceTitle "CBM 143 Extra"]
[Source "ChessBase"]
[SourceDate "2011.08.29"]
[SourceVersion "1"]
[SourceVersionDate "2011.08.29"]
[SourceQuality "1"]
[WhiteTeam "Manisa Doruk Koleji"]
[BlackTeam "Gazi Universitesi"]
[WhiteTeamCountry "TUR"]
[BlackTeamCountry "TUR"]

1. d4 d5 2. Nc3 Bf5 3. f3 e6 4. e4 Bg6 5. exd5 exd5 6. Qe2+ Be7 7. Bg5 Nc6 8. 0-0-0 Qd7 9. h4 h6 10. Bf4 a6 11. g3 0-0-0 12. Bh3 Bf5 13. Bxf5 Qxf5 14. Qh2 Qd7 15. Nge2 Nf6 16. g4 Bb4 17. Rd3 Rhe8 18. Ng3 Ne7 19. Be5 Bd6 20. Re1 Nfg8 21. Nh5 g6 22. Ng7 Rf8 23. Rde3 Bb4 24. a3 Ba5 25. Bf4 Nc6 26. Qd2 Bb6 27. Rd3 Na5 28. Bxh6 Nc4 29. Qg5 Nxh6 30. Qxh6 Qd6 31. h5 Qf6 32. hxg6 fxg6 33. Re6 Qf7 34. Qxg6 Qf4+ 35. Kb1 Nd2+ 36. Ka2 Nxf3 37. Nf5 Nh2 38. Ne7+ Kb8 39. Nexd5 Qxg4 40. Nxb6 cxb6 41. Qxg4 Nxg4 42. Rxb6 Rf2 43. Rg6 Rf4 44. Rg3 Nf6 45. Ne2 Rf2 46. Rg2 Rf1 47. c3 Ka7 48. Rg1 Rf2 49. R6g2 Rf3 50. Nc1 Ne4 51. Re2 Nd6 52. Rg7 Nf5 53. Rh7 Rd6 54. Nb3 Rb6 55. Na5 Ne3 56. Rxe3 1-0

[Event "Ankara President's Cup"]
[Site "Ankara"]
[Date "2007.04.29"]
[Round "13"]
[White "Soylu, Suat"]
[Black "Citak, Selim"]
[Result "1/2-1/2"]
[WhiteElo "2400"]
[BlackElo "2358"]
[PlyCount "60"]
[EventDate "2007.04.28"]
[EventType "tourn (rapid)"]
[EventRounds "13"]
[EventCountry "TUR"]
[EventCategory "3"]
[SourceTitle "CBM 118 Extra"]
[Source "ChessBase"]
[SourceDate "2007.07.04"]
[SourceVersion "1"]
[SourceVersionDate "2007.07.04"]
[SourceQuality "1"]

1. e4 e5 2. Nf3 Nf6 3. Nxe5 d6 4. Nf3 Nxe4 5. d4 d5 6. Bd3 Bd6 7. 0-0 0-0 8. Re1 Bg4 9. c4 Bxh2+ 10. Kxh2 Nxf2 11. Bxh7+ Kxh7 12. Qc2+ Ne4 13. Ng5+ Kg8 14. Rxe4 dxe4 15. Qxe4 f5 16. Qe6+ Kh8 17. Bf4 Rf6 18. Qe3 Nc6 19. d5 Ne7 20. Nc3 Ng6 21. Ne6 Qd7 22. Nxc7 Nxf4 23. Qxf4 Rh6+ 24. Kg1 Rc8 25. Ne6 Rxe6 26. dxe6 Qxe6 27. Nd5 Re8 28. Qd4 b6 29. Rf1 Qe5 30. Qxe5 Rxe5 1/2-1/2